| 000 | 00663nam a2200241Ia 4500 | ||
|---|---|---|---|
| 003 | OSt | ||
| 005 | 20221005085606.0 | ||
| 006 | a|||||r|||| 00| 0 | ||
| 007 | ta | ||
| 008 | 221004b |||||||| |||| 00| 0 eng d | ||
| 024 | _a103778 | ||
| 037 | _cTextual | ||
| 040 |
_aCRL _cCRL _beng |
||
| 041 |
_2eng _aeng |
||
| 082 | _aR, J5;K8(Q4) | ||
| 100 |
_aFrankel Charles Ed. _9614351 |
||
| 245 | 0 |
_aUse of philosophy _b An Irwin Edman reader |
|
| 260 |
_aNew York _bGreenwood Press Publishers U.S.A _c1968 |
||
| 300 |
_a211p. _ccm. |
||
| 650 | _aPHILOSOPHY | ||
| 942 |
_hR, J5;K8(Q4) _cTEXL _2cc |
||
| 999 |
_c994450 _d994450 |
||